10 Tips to Get Your Jetpunk Quiz Featured - Statistics

General Stats
  • This quiz has been taken 678 times
    509 since last reset
  • The average score is 8 of 10
Answer Stats
Question Answer % Correct
Learn from the best by taking lots of featured quizzes. True
95%
Be persistent and keep making quizzes. True
88%
Don't listen to haters. True
88%
Use accurate data from a reliable source. True
83%
Make quizzes that most people will find interesting and doable. True
83%
Don't make your quizzes too difficult, too long, or with lengthy type ins. True
83%
Use original ideas and original formats if possible. True
80%
Be a SVG map hero. True
63%
Don't listen to critics. False
55%
Be a stickler in regards to spelling and grammar. True
45%
No matching quizzes found
Score Distribution
Percent of People with Each Score
Percentile by Number Answered
Your Score History
You have not taken this quiz since the last reset